000 00618nam a2200229Ia 4500
003 OSt
005 20220918184114.0
006 a|||||r|||| 00| 0
007 ta
008 220917b |||||||| |||| 00| 0 eng d
024 _a44,540
037 _cTextual
040 _aARTS
_cARTS
_beng
041 _2eng
_aeng
082 _aO164,1G07:g, 111D9
100 _aDavis F Hadland
_964580
245 0 _aJalalu'd-din-Rumi
260 _aLahore
_bMuhammad Ashraf
_c1909
650 _aPERSIAN LITERATURE
_9309
942 _hO164,1G07:g, 111D9
_cTEXL
_2CC
999 _c175180
_d175180